উরাং জনগোষ্ঠীর কুরুখ ভাষা পরিচয় ও অভিধান / (Record no. 81438)
[ view plain ]
| 000 -LEADER | |
|---|---|
| fixed length control field | 00903nam a2200229 a 4500 |
| 001 - CONTROL NUMBER | |
| control field | 81438 |
| 003 - CONTROL NUMBER IDENTIFIER | |
| rucl marc code | BD-RjUL |
| 005 - DATE AND TIME OF LATEST TRANSACTION | |
| control field | 20230523104022.0 |
| 008 - FIXED-LENGTH DATA ELEMENTS--GENERAL INFORMATION | |
| fixed length control field | 230523s2022 bg ||||| |||| 00| 0 ben d |
| 020 ## - INTERNATIONAL STANDARD BOOK NUMBER | |
| International Standard Book Number | 9789848143825 |
| 035 ## - SYSTEM CONTROL NUMBER | |
| System control number | (BD-RjUL)81438 |
| 040 ## - CATALOGING SOURCE | |
| Original cataloging agency | BD-RjUL |
| Language of cataloging | eng |
| Transcribing agency | BD-RjUL |
| 041 ## - LANGUAGE CODE | |
| Language code of text/sound track or separate title | ben |
| 082 ## - DEWEY DECIMAL CLASSIFICATION NUMBER | |
| Edition number | 23 |
| Classification number | 494.8303 |
| Author mark and year | SHU 2022 |
| 100 ## - MAIN ENTRY--PERSONAL NAME | |
| Personal name | শীল, দীপংকর |
| 9 (RLIN) | 7611 |
| 245 ## - TITLE STATEMENT | |
| Title | উরাং জনগোষ্ঠীর কুরুখ ভাষা পরিচয় ও অভিধান / |
| Statement of responsibility, etc. | দীপংকর শীল |
| 260 ## - PUBLICATION, DISTRIBUTION, ETC. (IMPRINT) | |
| Place of publication, distribution, etc. | কমলগঞ্জ, মৌলভীবাজার : |
| Name of publisher, distributor, etc. | উপজেলা শিল্পকলা একাডেমি, |
| Date of publication, distribution, etc. | ২০২২ |
| 300 ## - PHYSICAL DESCRIPTION | |
| Pagination | ১৮৪ পৃ.; |
| Size | ২২ সেমি. |
| 650 ## - SUBJECT ADDED ENTRY--TOPICAL TERM | |
| Topical term or geographic name as entry element | কুরুখ ভাষা |
| Form subdivision | অভিধান |
| 9 (RLIN) | 7612 |
| Topical term or geographic name as entry element | Kurukh language |
| Form subdivision | Dictionary |
| 9 (RLIN) | 7613 |
| 942 ## - ADDED ENTRY ELEMENTS (KOHA) | |
| Source of classification or shelving scheme | Dewey Decimal Classification |
| Koha item type | Books |
| Lost status | Source of classification or shelving scheme | Damaged status | Not for loan | Collection code | Permanent Location | Current Location | Shelving location | Date acquired | Source of acquisition | Cost, normal purchase price | Total Checkouts | Full call number | Date last seen | Copy number | Koha item type |
|---|---|---|---|---|---|---|---|---|---|---|---|---|---|---|---|
| Dewey Decimal Classification | Not For Loan | Non-fiction | Central Library, University of Rajshahi | Central Library, University of Rajshahi | General Stacks | 02/03/2023 | Author | 350.00 | B 494.8303 SHU 2022 | 23/05/2023 | C-1 | Books |